La mujer, primer pintor de la humanidad : (Record no. 113622)

MARC details
000 -LEADER
campo de control de longitud fija 00639nam a2200181 i 4500
001 - NÚMERO DE CONTROL
campo de control 113622
003 - IDENTIFICADOR DE NÚMERO DE CONTROL
campo de control ES-MaACL
005 - FECHA Y HORA DE LA ÚLTIMA TRANSACCIÓN
campo de control 20250815153438.0
007 - CAMPO FIJO DE DESCRIPCIÓN FÍSICA--INFORMACIÓN GENERAL
campo de control de longitud fija t|
008 - DATOS DE LONGITUD FIJA--INFORMACIÓN GENERAL
campo de control de longitud fija 061121s1921 sp r ||||1| spa d
100 1# - ENTRADA PRINCIPAL--NOMBRE DE PERSONA
Nombre de persona Nogales, Iván de,
Fechas asociadas al nombre 1884-1929
9 (RLIN) 85841
245 13 - MENCIÓN DEL TÍTULO
Título La mujer, primer pintor de la humanidad :
Resto del título ligeras reflexiones sobre génesis de arte rupestre /
Mención de responsabilidad, etc. Juan de Nogales.
260 ## - PUBLICACIÓN, DISTRIBUCIÓN, ETC.
Lugar de publicación, distribución, etc. Madrid :
Nombre del editor, distribuidor, etc. [s.n.],
Fecha de publicación, distribución, etc. 1921 (
Fabricante Gráf. Ambos Mundos)
594 ## - Nota al título y mención de responsabilidad
Nota al título y mención de responsabilidad Juan de Nogales Delicado o Iván de Nogales Delicado
650 #7 - PUNTO DE ACCESO ADICIONAL DE MATERIA--TÉRMINO DE MATERIA
Término de materia o nombre geográfico como elemento de entrada Pintura rupestre
Fuente del encabezamiento o término embne
9 (RLIN) 163752
852 4# - LOCALIZACIÓN
Ubicación ES-MaACL
Número de control de estantería 1610-F-9
Holdings
Estatus retirado Estado de pérdida Estado de daño No para préstamo Colección Biblioteca de origen Biblioteca actual Ubicación en estantería Fecha de adquisición Fuente de adquisición Total de préstamos Signatura topográfica completa Código de barras Visto por última vez Precio de reemplazo Tipo de ítem Koha
        Colección de folletos Biblioteca del Ateneo de Madrid Biblioteca del Ateneo de Madrid Depósito folletos 17/01/2008     1610-F-9 1118499 23/02/2023 23/02/2023 Folleto